000 00764nam a2200205Ii 4500
003 JO-AjNU
008 230605s9999||||xx |||||||||||||| ||und||
017 _a2006/7/2012
040 _aJO-AjNU
_bara
_erda
_cJO-AjNU
041 _aara
050 1 4 _aBP558.M87 2006
100 3 _aالمستريحي، محمد أحمد,
_eauthor
_915338
245 0 0 _aفسخ عقد النكاح بالأمراض الوراثية : دراسة مقارنة
264 3 1 _aاربد: المؤلف، 2006
300 _a229ص
_bالفهارس والمراجع ص 201-229
336 _atext
_btxt
_2rdacontent
337 _aunmediated
_bn
_2rdamedia
338 _avolume
_bnc
_2rdacarrier
650 4 _aطلاق- زواج- الامراض الوراثية- قوانين وتشريعات
_915339
999 _aA4307
_c7875
_d7875